Staré baby : ženy a čas ve středověké Evropě /

Další autoři: Bažant, Vojtěch, 1987-, Dynda, Jiří, 1988-, Šimeček, David, Šorm, Martin, 1990-
Jazyk: Čeština
Vydáno: Praha : NLN, s.r.o., 2020
Vydání: Vydání první
Témata:
Fyzický popis: 290 stran : ilustrace, faksimile ; 22 cm
Language note: Anglické resumé
Knihy
Uloženo v:
LEADER 02613nam a2200685 i 4500
001 nkc20213328680
003 CZ PrNK
005 20220914095355.0
007 ta
008 210617s2020 xr ah f 001 0 cze
015 |a cnb003328680 
020 |a 978-80-7422-786-8  |q (brožováno) :  |c Kč 299,00 
035 |a (OCoLC)1263270084 
040 |a OLA001  |b cze  |e rda 
041 0 |a cze  |b eng 
043 |a e------ 
072 7 |a 316.3  |x Globální společnosti. Sociální struktura. Sociální skupiny  |2 Konspekt  |9 18 
080 |a 316.346.32-053.9-055.2  |2 MRF 
080 |a 316.662  |2 MRF 
080 |a 398.47-055.2  |2 MRF 
080 |a 316.3"04/14"  |2 MRF 
080 |a 82"04/14"  |2 MRF 
080 |a 7.04  |2 MRF 
080 |a (4)  |2 MRF 
080 |a (048.8:082)  |2 MRF 
245 0 0 |a Staré baby :  |b ženy a čas ve středověké Evropě /  |c edd. Vojtěch Bažant, Jiří Dynda, David Šimeček, Martin Šorm 
246 3 0 |a Ženy a čas ve středověké Evropě 
250 |a Vydání první 
264 1 |a Praha :  |b NLN, s.r.o.,  |c 2020 
300 |a 290 stran :  |b ilustrace, faksimile ;  |c 22 cm 
336 |a text  |b txt  |2 rdacontent 
337 |a bez média  |b n  |2 rdamedia 
338 |a svazek  |b nc  |2 rdacarrier 
504 |a Obsahuje bibliografii, bibliografické odkazy a rejstřík 
546 |a Anglické resumé 
650 0 7 |a seniorky  |7 ph948546  |2 czenas 
650 0 7 |a seniorky  |7 ph948546  |x společenské postavení  |2 czenas 
650 0 7 |a čarodějnice  |7 ph187628  |2 czenas 
650 0 7 |a středověká společnost  |7 ph216791  |z Evropa  |2 czenas 
650 0 7 |a středověká literatura  |7 ph126230  |2 czenas 
650 0 7 |a náměty, témata a motivy  |7 ph138485  |2 czenas 
650 0 9 |a older women  |2 eczenas 
650 0 9 |a older women  |x social status  |2 eczenas 
650 0 9 |a witches  |2 eczenas 
650 0 9 |a medieval society  |z Europe  |2 eczenas 
650 0 9 |a medieval literature  |2 eczenas 
650 0 9 |a themes and motives  |2 eczenas 
655 7 |a kolektivní monografie  |7 fd501537  |2 czenas 
655 9 |a collective monographs  |2 eczenas 
700 1 |a Bažant, Vojtěch,  |d 1987-  |7 ola2016916108  |4 edt 
700 1 |a Dynda, Jiří,  |d 1988-  |7 jo2017943259  |4 edt 
700 1 |a Šimeček, David  |7 hka2016897980  |4 edt 
700 1 |a Šorm, Martin,  |d 1990-  |7 jx20090224034  |4 edt 
910 2 |a BOA001  |b 2-1470.106 
928 9 |a Nakladatelství Lidové noviny 
990 |a BK 
995 |a 01 
991 |b 202107  |c NOV 
996 6 |b 2610871376  |c 2-1470.106  |l MZK  |r Sklad / do 1 hodiny  |n 4  |p p.v.  |w 001856938  |u 000010  |a 1  |e BOA001  |j MZK50  |s P 
996 7 |b 2610874318  |c 2-1470.106  |l Vol.výběr  |r VV 0p  |n 7  |p kup  |h 398 BAŽ  |w 001856938  |u 000020  |a 0  |e BOA001  |j MZK50  |s A